Law of Evidence (Record no. 2252)
[ view plain ]
| 000 -LEADER | |
|---|---|
| fixed length control field | 00587nam a2200217Ia 4500 |
| 003 - CONTROL NUMBER IDENTIFIER | |
| control field | BUBTL |
| 008 - FIXED-LENGTH DATA ELEMENTS--GENERAL INFORMATION | |
| fixed length control field | 151213s9999 xx 000 0 und d |
| 082 ## - DEWEY DECIMAL CLASSIFICATION NUMBER | |
| Classification number | 347.06/S5795l |
| 100 ## - MAIN ENTRY--PERSONAL NAME | |
| Personal name | Sikder, M. Ansaruddin |
| 9 (RLIN) | 3894 |
| 245 ## - TITLE STATEMENT | |
| Title | Law of Evidence |
| Statement of responsibility, etc. | M.Anseruddin Sikder |
| 250 ## - EDITION STATEMENT | |
| Edition statement | 2nd |
| 260 ## - PUBLICATION, DISTRIBUTION, ETC. (IMPRINT) | |
| Place of publication, distribution, etc. | Dhaka |
| Name of publisher, distributor, etc. | M.Tanveer Faysal |
| Date of publication, distribution, etc. | c 1998 |
| 300 ## - PHYSICAL DESCRIPTION | |
| Extent | 1171 p . : |
| Other physical details | 24 cm . |
| 500 ## - GENERAL NOTE | |
| General note | Includes Index. |
| 650 ## - SUBJECT ADDED ENTRY--TOPICAL TERM | |
| Topical term or geographic name as entry element | Law |
| 9 (RLIN) | 3895 |
| 650 ## - SUBJECT ADDED ENTRY--TOPICAL TERM | |
| Topical term or geographic name as entry element | Law |
| 9 (RLIN) | 3895 |
| 700 ## - ADDED ENTRY--PERSONAL NAME | |
| Personal name | M.Anseruddin Sikder |
| 9 (RLIN) | 3896 |
| 856 ## - ELECTRONIC LOCATION AND ACCESS | |
| Password | 0 |
| Logon | 0 |
| Link text | Download |
| 942 ## - ADDED ENTRY ELEMENTS (KOHA) | |
| Source of classification or shelving scheme | |
| Koha item type | Books |
| Withdrawn status | Lost status | Source of classification or shelving scheme | Damaged status | Not for loan | Collection code | Permanent location | Current location | Shelving location | Date acquired | Inventory number | Total Checkouts | Full call number | Barcode | Date last seen | Copy number | Price effective from | Koha item type |
|---|---|---|---|---|---|---|---|---|---|---|---|---|---|---|---|---|---|
| Non-fiction | Bangladesh University of Business and Technology Library | Bangladesh University of Business and Technology Library | Law Stacks | 02/16/2021 | 3205 | 347.06/S5795l | BUBTL-20033205 | 02/16/2021 | C-1 | 02/16/2021 | Books | ||||||
| Non-fiction | Bangladesh University of Business and Technology Library | Bangladesh University of Business and Technology Library | Law Stacks | 02/16/2021 | 3208 | 347.06/S5795l | BUBTL-20033208 | 02/16/2021 | C-2 | 02/16/2021 | Books | ||||||
| Not For Loan | Non-fiction | Bangladesh University of Business and Technology Library | Bangladesh University of Business and Technology Library | Law Stacks | 02/16/2021 | 3209 | 347.06/S5795l | BUBTL-20033209 | 02/16/2021 | C-3 | 02/16/2021 | Books | |||||
| Non-fiction | Bangladesh University of Business and Technology Library | Bangladesh University of Business and Technology Library | Law Stacks | 02/16/2021 | 21910 (vol-i) | 347.06/S5795l | BUBTL-200321910 | 02/16/2021 | C-4 | 02/16/2021 | Books | ||||||
| Non-fiction | Bangladesh University of Business and Technology Library | Bangladesh University of Business and Technology Library | Law Stacks | 02/16/2021 | 21911 (vol-i) | 347.06/S5795l | BUBTL-200321911 | 02/16/2021 | C-5 | 02/16/2021 | Books | ||||||
| Not For Loan | Non-fiction | Bangladesh University of Business and Technology Library | Bangladesh University of Business and Technology Library | Law Stacks | 02/16/2021 | 21912 (vol-i) | 347.06/S5795l | BUBTL-200321912 | 02/16/2021 | C-6 | 02/16/2021 | Books | |||||
| Not For Loan | Non-fiction | Bangladesh University of Business and Technology Library | Bangladesh University of Business and Technology Library | Law Stacks | 02/16/2021 | 21914 (vol-ii) | 347.06/S5795l | BUBTL-200321914 | 02/16/2021 | C-7 | 02/16/2021 | Books | |||||
| Non-fiction | Bangladesh University of Business and Technology Library | Bangladesh University of Business and Technology Library | Law Stacks | 02/16/2021 | 21915 (vol-ii) | 347.06/S5795l | BUBTL-200321915 | 02/16/2021 | C-8 | 02/16/2021 | Books | ||||||
| Non-fiction | Bangladesh University of Business and Technology Library | Bangladesh University of Business and Technology Library | Law Stacks | 03/21/2021 | 21913 | 347.06/S5795l | BUBTL-200321913 | 03/21/2021 | C-9 | 03/21/2021 | Books |
